000 00601cas a22002055a 4500
001 L125
008 070702c1995 xxkmr p 0 a0eng
022 1 _a1361-1305
035 _a(Sirsi) u98764
041 0 _aeng
110 2 _aInstitute of Revenues, Rating and Valuation
_92992
245 0 0 _aInsight
260 _aLondon
_bIRRV Services Ltd.
_c1995-
362 _a(1) October 1995-
651 4 _aUnited Kingdom
690 _aPROPERTY-PROPERTY APPRAISAL AND VALUATION
780 0 0 _tJournal
_bThe Institute of Revenues, Rating and Valuation
_x0961-804X
942 _n0
_2ddc
948 _c01/03/1994
999 _c118513
_d118513